000 00544nam a22002175a 4500
999 _c4052
_d4052
001 4052
003 BD-JhCC
005 20180402120032.0
008 111026r19571970enkac ||0 | eng d
035 _a(BD-JhCC)4052
040 _aBD-JhCC
_dBD-JhCC
041 _aeng
082 _a823.914
_bBLA 1970
100 _aBlackmore, R. D.
245 0 0 _aLorna Doone /
_cR D Blackmore
260 _aLondon :
_bOxford University Press,
_c1970.
300 _a127 p. :
_bill. ;
_c18 cm.
650 _aEnglish Stories
942 _2ddc
_cBK